Les meilleurs buteurs de chaque nation européenne - Statistiques

Statistiques générales
  • Ce quiz a été pris 185 fois
    71 depuis la dernière actualisation
  • Le résultat moyen est 16 sur 55
Statistiques - réponses
Pays Buts Nom % Correct
France 57 Olivier Giroud
97%
Angleterre 73 Harry Kane
91%
Belgique 89 Romelu Lukaku
88%
Portugal 138 Cristiano Ronaldo
86%
Allemagne 71 Miroslav Klose
82%
Espagne 59 David Villa
79%
Pologne 85 Robert Lewandowski
77%
Suède 62 Zlatan Ibrahimovic
77%
Norvège 42 Erling Haaland
74%
Bosnie-Herzégovine 68 Edin Dzeko
73%
Hongrie 84 Ferenc Puskas
70%
Pays De Galles 41 Gareth Bale
70%
Ukraine 48 Andriy Shevchenko
62%
Croatie 45 Davor Suker
62%
Pays-Bas 50 Memphis Depay
58%
Irlande 68 Robbie Keane
53%
Serbie 62 Aleksandar Mitrovic
45%
Roumanie 36 Gheorghe Hagi
42%
Finlande 42 Teemu Pukki
41%
Arménie 32 Henrikh Mkhitaryan
38%
Bulgarie 48 Dimitar Berbatov
36%
Ecosse 30 Kenny Dalglish
32%
Macédoine Du Nord 38 Goran Pandev
26%
Turquie 51 Hakan Sukur
24%
Suisse 42 Alexander Frei
23%
Islande 27 Gylfi Sigurdsson
23%
Slovaquie 26 Marek Hamsik
21%
Monténégro 37 Stevan Jovetic
20%
République Tchèque 55 Jan Koller
15%
Israël 35 Eran Zahavi
12%
Italie 35 Luigi Riva
11%
Kosovo 31 Vedat Muriqi
8%
Russie 30 Artyom Dziouba
5%
Luxembourg 23 Gerson Rodrigues
3%
Saint-Marin 8 Andy Selva
2%
Autriche 44 Anton Polster
2%
Albanie 18 Erjon Bogdani
2%
Gibraltar 8 Liam Walker
2%
Lettonie 29 Maris Verpakovskis
2%
Slovénie 35 Zlatko Zahovic
2%
Estonie 38 Andres Oper
0%
Kazakhstan 14 Baktiyar Zaynutdinov
0%
Irlande Du Nord 36 David Healy
0%
Azerbaïdjan 14 Gurban Gurbanov
0%
Andorre 11 Ildefons Lima
0%
Moldavie 17 Ion Nicolaescu
0%
Biélorussie 20 Maksim Romaschenko
0%
Liechtenstein 16 Mario Frick
0%
Malte 42 Michael Mifsud
0%
Chypre 32 Michalis Konstantinou
0%
Grèce 29 Nikos Anastopoulos
0%
Danemark 52 Poul Nielsen
0%
Iles Féroé 10 Rogvi Jacobsen
0%
Géorgie 26 Shota Arveladze
0%
Lituanie 19 Tomas Danilevicius
0%
Aucun quiz correspondant
Distribution des résultats
% des personnes avec chaque résultat
Percentile par nombre de réponses
Votre historique - résultats
Vous n’avez pas pris ce quiz depuis la dernière actualisation